000 01093nam a2200325 i 4500
001 16245
003 KOSZ 005
005 20220414143131.0
008 040421s1975 pl a |000 0 pol
015 _aPB 1975/8202
040 _aWA N
_cWA N
_dKOSZ 005/HR
046 _k1975
080 _a7.01
080 _a111.852(091)
100 1 _aTatarkiewicz, Władysław
_d(1886-1980)
_eAutor
245 1 0 _aDzieje sześciu pojęć :
_bsztuka, piękno, forma, twórczość, odtwórczość, przeżycie estetyczne /
_cWładysław Tatarkiewicz.
260 _a[Warszawa] :
_bPaństwowe Wydawnictwo Naukowe,
_c1975.
300 _a437, [3] s. :
_bil., tab. ;
_c25 cm.
380 _aKsiążki
388 _a1901-2000
388 _a1945-1989
504 _aBibliogr.
650 4 _aEstetyka
650 4 _aTeoria sztuki
658 _aKultura i sztuka
658 _aFilozofia i etyka
710 2 _aPaństwowe Wydawnictwo Naukowe
_4pbl
856 _uhttp://koha.tu.koszalin.pl/cgi-bin/koha/opac-detail.pl?biblionumber=16245
_yKatalog online BPK
942 _2UKD
_cKS
999 _c16245
_d16245